Compulsory purchase and compensation (Record no. 104850)
[ view plain ]
| 000 -LEADER | |
|---|---|
| fixed length control field | 01156cam a2200277 4500 |
| 001 - CONTROL NUMBER | |
| control field | ##L131815 |
| 008 - FIXED-LENGTH DATA ELEMENTS--GENERAL INFORMATION | |
| fixed length control field | 051209n2005 000 0 eng u |
| 020 ## - INTERNATIONAL STANDARD BOOK NUMBER | |
| International Standard Book Number | 0728204819 |
| 035 ## - SYSTEM CONTROL NUMBER | |
| System control number | (Sirsi) u131815 |
| 041 0# - LANGUAGE CODE | |
| Language code of text/sound track or separate title | eng |
| 050 04 - LIBRARY OF CONGRESS CALL NUMBER | |
| Classification number | 711.14 $2 18 |
| 100 1# - MAIN ENTRY--PERSONAL NAME | |
| Personal name | Denyer-Green, Barry P. D. |
| 245 00 - TITLE STATEMENT | |
| Title | Compulsory purchase and compensation |
| 250 ## - EDITION STATEMENT | |
| Edition statement | 8th ed. |
| 260 ## - PUBLICATION, DISTRIBUTION, ETC. | |
| Place of publication, distribution, etc. | London |
| Name of publisher, distributor, etc. | EG Books |
| Date of publication, distribution, etc. | 2005 |
| 300 ## - PHYSICAL DESCRIPTION | |
| Extent | lx, 496p |
| Dimensions | 22cm |
| 350 ## - PRICE (NR) (BK AM CF MU VM SE) [OBSOLETE] | |
| Price | 37 |
| 520 ## - SUMMARY, ETC. | |
| Summary, etc. | Considers compulsory purchase powers, how those powers can be exercised, compensation for compulsory purchase, and compensation and mitigation for worsenment. This edition has been extensively revised to take account of the relevant provisions of the Planning and Compulsory Purchase Act 2004 and other recent legal developments. |
| 520 ## - SUMMARY, ETC. | |
| Summary, etc. | Supersedes seventh edition (ISBN 0728203979). |
| 520 ## - SUMMARY, ETC. | |
| Summary, etc. | Superseded by ninth edition (ISBN 9780728205741). |
| 590 ## - LOCAL NOTE (RLIN) | |
| Local note | IKA170106 |
| 650 24 - SUBJECT ADDED ENTRY--TOPICAL TERM | |
| Topical term or geographic name entry element | PLANNING AND COMPULSORY PURCHASE ACT 2004 |
| 690 ## - LOCAL SUBJECT ADDED ENTRY--TOPICAL TERM (OCLC, RLIN) | |
| Topical term or geographic name as entry element | ENVIRONMENTAL AND LAND CONSULTANCY-PLANNING AND DEVELOPMENT-COMPULSORY PURCHASE AND COMPENSATION |
| 942 ## - ADDED ENTRY ELEMENTS (KOHA) | |
| Suppress in OPAC | 0 |
| Withdrawn status | Lost status | Source of classification or shelving scheme | Damaged status | Not for loan | Home library | Current library | Shelving location | Date acquired | Cost, normal purchase price | Total Checkouts | Full call number | Barcode | Date last seen | Date last checked out | Copy number | Cost, replacement price | Price effective from | Koha item type |
|---|---|---|---|---|---|---|---|---|---|---|---|---|---|---|---|---|---|---|
| Dewey Decimal Classification | London | London | Books | 06/01/2006 | 37.00 | 43 | 711.14 DEN | 30071486 | 06/08/2019 | 08/01/2010 | 2 | 37.00 | 06/08/2019 | Book | ||||
| Missing | London | London | Missing | 06/01/2006 | 37.00 | 1 | 711.14 DEN | 30071488 | 06/08/2019 | 25/01/2006 | 3 | 37.00 | 06/08/2019 | Book |